000 00548nam a2200181Ia 4500
005 20250508154604.0
008 008 250505s9999 xx 000 0 eng d
037 _aBooks to be hide in OPAC
040 _aFEDL
_beng
_cFEDL
041 _aeng
_2eng
084 _a371.1473, IND
_qFEDL
100 _aPanandikar S
245 0 _aTeacher in India today
245 0 _cMinistry of Education. Government of India
260 _aDelhi, India
_b The Manager of Publication
_c1957
942 _cHB
_h371.1473, IND
999 _c1351050
_d1351050